书目信息 |
| 题名: |
生物演化与人类未来
|
|
| 作者: | 殷鸿福 , 周修高 著 | |
| 分册: | ||
| 出版信息: | 武汉 湖北科学技术出版社 2016 |
|
| 页数: | 170页 | |
| 开本: | 24cm | |
| 丛书名: | 中国科普大奖图书典藏书系 | |
| 单 册: | ||
| 中图分类: | Q11 | |
| 科图分类: | ||
| 主题词: | 生物--Shengwu--进化 | |
| 电子资源: | ||
| ISBN: | 978-7-5352-8217-0 | |
| 000 | 00803nam0 2200253 450 | |
| 001 | 3623 | |
| 005 | 20160926151709.51 | |
| 010 | @a978-7-5352-8217-0@b平装@dCNY18.00 | |
| 100 | @a20160406d2016 em y0chiy0110 ea | |
| 101 | 0 | @achi |
| 102 | @aCN@b420000 | |
| 105 | @aa z 000yy | |
| 200 | 1 | @a生物演化与人类未来@9Shengwuyanhuayurenleiweilai@f殷鸿福, 周修高著 |
| 210 | @a武汉@c湖北科学技术出版社@d2016 | |
| 215 | @a170页@c图@d24cm | |
| 225 | 2 | @a中国科普大奖图书典藏书系@9Zhongguokepudajiangtushudiancangshuxi@h第五辑 |
| 330 | @a生物·进化·普及读物 | |
| 461 | 0 | @12001 @a中国科普大奖图书典藏书系 |
| 606 | 0 | @a生物@9Shengwu@x进化 |
| 690 | @aQ11@v5 | |
| 701 | 0 | @a殷鸿福@9Yinhongfu@4著 |
| 701 | 0 | @a周修高@9Zhouxiugao@4著 |
| 801 | 0 | @aCN@b唐山师范学院图书馆@c20151001 |
| 905 | @aZUCC@dQ11@e178 | |
| 生物演化与人类未来/殷鸿福, 周修高著.-武汉:湖北科学技术出版社,2016 |
| 170页:图;24cm.-(中国科普大奖图书典藏书系.第五辑) |
| ISBN 978-7-5352-8217-0(平装):CNY18.00 |
| 生物·进化·普及读物 |
| ● |
| 相关链接 |
|
|
|
|
正题名:生物演化与人类未来
索取号:Q11/178
 
预约/预借
| 序号 | 登录号 | 条形码 | 馆藏地/架位号 | 状态 | 备注 |
| 1 | 906042 | 209060424 | 第二样本阅览室/ [索取号:Q11/178] | 在馆 | |
| 2 | 906043 | 209060433 | 密集书库-生命科学系/ [索取号:Q11/178] | 在馆 | |
| 3 | 906044 | 209060442 | 第三借阅区/ [索取号:Q11/178] | 在馆 | |
| 4 | 906045 | 209060451 | 第三借阅区/ [索取号:Q11/178] | 在馆 | |
| 5 | 906046 | 209060460 | 第三借阅区/ [索取号:Q11/178] | 在馆 |